Gaming Quiz

Random Gaming Quiz

Starbound Races Quiz Stats

 Plays Quiz not verified by Sporcle

Challenge
Share
Tweet
Embed
Score 0/6 Timer 00:30
0 Plays Today
Ship Description Race % Correct
Medieval, made of stone and woodGlitch
86.7%
Futuristic, made of highly advanced materialsApex
84.2%
Militaristic, typical shipHuman
82.1%
Primitive, covered in vinesFloran
77.9%
Ancient, like the Egyptian pyramidsAvian
63.1%
Fishlike, with decorations from Feudal JapanHylotl
58.1%

You're not logged in!

Compare scores with friends on all Sporcle quizzes.
Join for Free
OR
Log In

You Might Also Like...

Show Comments

Extras

Created Nov 20, 2013ReportNominate
Tags:description, race, ship, starter

Top Quizzes Today


Score Distribution

Your Account Isn't Verified!

In order to create a playlist on Sporcle, you need to verify the email address you used during registration. Go to your Sporcle Settings to finish the process.

Report this User

Report this user for behavior that violates our Community Guidelines.

Details: